| 000 -LEADER |
| fixed length control field |
02093nam a2200265Ia 4500 |
| 001 - CONTROL NUMBER |
| control field |
18595 |
| 003 - CONTROL NUMBER IDENTIFIER |
| control field |
GE_BSU |
| 008 - FIXED-LENGTH DATA ELEMENTS--GENERAL INFORMATION |
| fixed length control field |
181216s||||||||xx |||||||||||||| ||und|| |
| 020 ## - INTERNATIONAL STANDARD BOOK NUMBER |
| International Standard Book Number |
9789941437748 |
| 040 ## - CATALOGING SOURCE |
| Transcribing agency |
GE_BSU |
| 080 ## - UNIVERSAL DECIMAL CLASSIFICATION NUMBER |
| Universal Decimal Classification number |
811.353.1'367.625(042.4) |
| 100 ## - MAIN ENTRY--PERSONAL NAME |
| Personal name |
მელიქიშვილი, დ. (დამანა) |
| 245 ## - TITLE STATEMENT |
| Title |
ქართული ზმნის სისტემური მორფოსინტაქსური ანალიზი |
| 245 ## - TITLE STATEMENT |
| Remainder of title |
სავალდებულო სალექციო კურსი ჰუმანიტ. ფაკ-ტის ქართვ. ენათმეცნიერების სპეც. მაგისტრატურის სტუდენტებისათვის |
| 245 ## - TITLE STATEMENT |
| Statement of responsibility, etc. |
ტექნ. რედ.: ნათია მიროტაძე [და სხვ.] ; ყდის დიზაინი ალექსანდრე ჯიქურიძე ; |
| 250 ## - EDITION STATEMENT |
| Edition statement |
ივანე ჯავახიშვილის სახ. თსუ, ქართ. ენის სასწ.-სამეცნ. ინ-ტი |
| 260 ## - PUBLICATION, DISTRIBUTION, ETC. |
| Place of publication, distribution, etc. |
თბილისი |
| 260 ## - PUBLICATION, DISTRIBUTION, ETC. |
| Name of publisher, distributor, etc. |
ლოგოსი |
| 260 ## - PUBLICATION, DISTRIBUTION, ETC. |
| Date of publication, distribution, etc. |
2014 |
| 300 ## - PHYSICAL DESCRIPTION |
| Extent |
164 გვ;ცხრ;23 სმ. |
| 653 ## - INDEX TERM--UNCONTROLLED |
| Uncontrolled term |
ქართული ენა |
| 653 ## - INDEX TERM--UNCONTROLLED |
| Uncontrolled term |
ქართული ზმნის სისტემური მორფოსინტაქსური ანალიზი |
| 653 ## - INDEX TERM--UNCONTROLLED |
| Uncontrolled term |
წინამდებარე სალექციო კურსი მთლიანად ემყარება და აგებულია დიდი ქართველი ენათმეცნიერის აკად.არნოლდ ჩიქობავას მეთოდოლოგიურ იმანანტიზმის მოთხოვნების საფუძველზე და ამ პრინციპების პრაქტიკულ განხორციელებას წარმოადგენს. |
| 942 ## - ADDED ENTRY ELEMENTS (KOHA) |
| Koha item type |
წიგნი |